000 00504nam a2200205Ia 4500
005 20250923145024.0
008 008 250917s9999 xx 000 0 eng d
037 _aTextual
040 _aDSWL
_beng
_cDSWL
041 _aeng
_2eng
084 _qDSWL
245 0 _aUnions and union leaderip
_cby Jack Barbash
250 _a2nd
260 _aNew York
_b Harper & Row
_c1959
300 _axiv,164 p.
365 _aUSD
_b6
925 _g6
942 _cTEXL
999 _c1446160
_d1446160